| 000 | 00563nam a2200157Ia 4500 | ||
|---|---|---|---|
| 008 | 100122s9999 xx 000 0 und d | ||
| 082 |
_b67947 _a821 |
||
| 100 | _aपंडित राम | ||
| 245 | _aविदर्भाची मराठी गजल | ||
| 260 |
_bगजल सागर प्रतिष्ठान _c2004 |
||
| 300 | _a159 | ||
| 630 | _aविदर्भाची मराठी गजल | ||
| 700 | _aपांचाळे भीमराव | ||
| 730 | _aविदर्भाची मराठी गजल | ||
| 942 | _cBOOK | ||
| 999 |
_c439764 _d439761 |
||